000 01811nam a2200373Ia 4500
003 OSt
005 20210106221417.0
008 191128s2013 ck aod gr 000 0 spa d
020 _a9789587621327
040 _aCO-JMCR
_cCO-JMCR
041 0 _aspa
_heng
082 0 4 _a658.81 /
_bK674l
_223
100 1 _aKotler, Philip,
_eautor
_912713
245 1 0 _aLo bueno funciona /
_cPhilip Kotler, David Hessekiel, Nancy R. Lee ; Prólogo de Mauricio López González ; Maite Rodríguez Jáñez (editora) ; Ana Lafuente (traducción)
250 _aPrimera edición
260 _aBogotá :
_bEdiciones de la U,
_c2013
300 _a430 páginas :
_bfotografías y gráficos a blanco y negro ;
_c22 cm.
490 0 _aAcción empresarial
505 0 _aPor qué algunas iniciativas sociales de marketing y corporativas fracasan y otras prosperan -- Seis iniciativas sociales para triunfar haciendo el bien -- Promoción de acciones de índole social -- Marketing con causa -- Marketing social corporativo
520 3 _aA quienes mezclan responsabilidad social corporativa con negocios se les suele tildar bien de empresarios oportunistas que quieren lavar su imagen o bien de emprendedores con visión social que desean crear un mundo mejor.
534 _pGood Works!
546 _atraducido del inglés.
650 1 4 _aMercadeo social
_912765
650 1 4 _aResponsabilidad social de los negocios
_912766
650 1 4 _aCanales de comercialización
_912767
650 2 4 _aMercadeo
_912768
650 2 4 _aNuevas empresas
_9604
700 1 _aHessekiel, David,
_eautor
_912769
700 1 _aLee, Nancy R.,
_eautora
_912770
700 1 _aLópez González, Mauricio,
_eprologuista
_94645
700 1 _aRodríguez Jáñez, Maite,
_eeditora
_912771
700 1 _aLafuente, Ana,
_etraductora
_912772
942 _2ddc
_cBK
999 _c4848
_d4848